|
|
|
|
| LEADER |
00581cam a2200193 a 4500 |
| 001 |
0000108071 |
| 005 |
20190103090000.0 |
| 040 |
|
|
|a mod
|
| 041 |
|
|
|a eng
|
| 020 |
0 |
0 |
|a 0813340810
|
| 090 |
0 |
0 |
|a 299.51482
|b TAO
|
| 245 |
0 |
4 |
|a The Tao of war
|b the martial Tao Te Ching
|c translated by Ralph D. Sawyer with Mei-chiin Lee Sawyer
|
| 260 |
0 |
0 |
|a Colorado
|b Westview Press
|c 2003
|
| 300 |
|
|
|a xiii, 290p.
|c 21cm
|
| 500 |
0 |
0 |
|a Includes index
|
| 650 |
0 |
0 |
|a Tactics
|
| 700 |
1 |
1 |
|a Sawyer
|h Ralph D.
|
| 700 |
1 |
1 |
|a Sawyer
|h Mei-chiin Lee
|
| 999 |
|
|
|a 0000002374
|b MTAT
|d BOOKS
|e Umum
|f MTAT
|j AVAILABLE
|p 1
|q GOOD CONDITION
|